Quelle ville en Europe? #2 - Choix multiple - Statistiques

Statistiques générales
  • Ce quiz a été pris 162 fois
  • Le résultat moyen est 6 sur 15
Statistiques - réponses
Question Réponse % Correct
Localisation du Stade Vélodrome Marseille
100%
Vous conduisez à gauche ici Nicosie
100%
À la frontière de deux pays Bâle
67%
A le plus d'habitants Barcelone
67%
Sur une île Naxos
67%
Est sur la côte de la mer Cadix
33%
Le plus proche de Monaco Cannes
33%
Pas en Ukraine Rostov-sur-le-Don
33%
Accueil à la station de métro Kungsträdgården Stockholm
33%
Pas sur la mer Noire Tbilissi
33%
Sur la Vistule, un fleuve Varsovie
33%
Plus loin de Saint-Marin Zagreb
33%
Ville de l'aéroport international Nikola Tesla Belgrade
0%
Pas un lieu de tournage de Game of Thrones Naples
0%
Le galicien y est largement parlé ici Saint-Jacques-de-Compostelle
0%
Aucun quiz correspondant
Distribution des résultats
% des personnes avec chaque résultat
Percentile par nombre de réponses
Votre historique - résultats
Vous n’avez pas pris ce quiz